| 000 | 00557cam a2200241 4500 | ||
|---|---|---|---|
| 001 | B1749 | ||
| 008 | 090401t1980 xxu||||| |||| 00| 0 eng d | ||
| 035 | _a(Sirsi) u46209 | ||
| 041 | _aeng | ||
| 050 | _a333.33 | ||
| 110 | _aSt.Quintin | ||
| 245 | _a1980 review of the year in property | ||
| 260 |
_aLondon _bSt. Quintin _c1980 |
||
| 300 | _a36p. : ill. ; 30cm. | ||
| 350 | _a0 | ||
| 650 | _aINDUSTRIAL PROPERTY | ||
| 650 | _aLONDON | ||
| 650 | _aOFFICES | ||
| 650 | _aPROPERTY MARKET | ||
| 650 | _aSHOPS | ||
| 942 | _n0 | ||
| 948 | _c04/03/1997 | ||
| 999 |
_c91887 _d91887 |
||